How you got so smart / by David Milgrim.
Available copies
- 2 of 2 copies available at LARL/NWRL Consortium.
- 1 of 1 copy available at Lake Agassiz Regional Library. (Show preferred library)
Current holds
0 current holds with 2 total copies.
Show Only Available Copies
| Location | Call Number / Copy Notes | Barcode | Shelving Location | Status | Due Date |
|---|---|---|---|---|---|
| Crookston Public Library | E M (Text) | 33500011067410 | Main | Available | - |
| Roseau Public Library | e MIL (Text) | 35500004675383 | Main | Available | - |
Record details
- ISBN: 9780399252600
- ISBN: 0399252606
- Physical Description: 1 v. (unpaged) : col. ill. ; 26 cm.
- Publisher: New York : G.P. Putnam's Sons, c2010.
Content descriptions
| Summary, etc.: | Loved ones remind a little boy of how far he's ... Read More |
Search for related items by subject
| Subject: | Learning > Juvenile fiction. Growth > Juvenile fiction. Individuality in children > Juvenile fiction. Learning > Fiction. Growth > Fiction. Individuality > Fiction. Stories in rhyme. |
| LDR | 01551cam a2200373 a 4500 | ||
|---|---|---|---|
| 001 | 117624 | ||
| 003 | LARL_NWRL_CONSORTIUM | ||
| 005 | 20100603091223.0 | ||
| 008 | 090619s2010 nyua a 000 1 eng | ||
| 010 | . | ‡a2009022193 | |
| 020 | . | ‡a9780399252600 | |
| 020 | . | ‡a0399252606 | |
| 035 | . | ‡a(OCoLC)421946557 | |
| 040 | . | ‡aDLC ‡cDLC ‡dIG# ‡dIK2 ‡dEHH | |
| 082 | 0 | 0. | ‡a[E] ‡222 |
| 100 | 1 | . | ‡aMilgrim, David. ‡0(LARL_NWRL_CONSORTIUM)113264 |
| 245 | 1 | 0. | ‡aHow you got so smart / ‡cby David Milgrim. |
| 260 | . | ‡aNew York : ‡bG.P. Putnam's Sons, ‡cc2010. | |
| 300 | . | ‡a1 v. (unpaged) : ‡bcol. ill. ; ‡c26 cm. | |
| 520 | . | ‡aLoved ones remind a little boy of how far he's come and how much he's learned and accomplished along the way. | |
| 650 | 0. | ‡aLearning ‡vJuvenile fiction. | |
| 650 | 0. | ‡aGrowth ‡vJuvenile fiction. | |
| 650 | 0. | ‡aIndividuality in children ‡vJuvenile fiction. | |
| 650 | 1. | ‡aLearning ‡vFiction. | |
| 650 | 1. | ‡aGrowth ‡vFiction. | |
| 650 | 1. | ‡aIndividuality ‡vFiction. | |
| 650 | 1. | ‡aStories in rhyme. ‡0(LARL_NWRL_CONSORTIUM)162453 | |
| 901 | . | ‡a117624 ‡bOCLC ‡c117624 ‡tbiblio | |

Add to basket
Permalink
Disable Highlighting